Hygiene /
| Main Author: | |
|---|---|
| Other Authors: | |
| Format: | Book |
| Language: | English Ancient Greek |
| Published: |
Cambridge ; London
Harvard University Press,
2018.
|
| Series: | Loeb classical library
535-536. |
| Subjects: | |
| Online Access: | τ. 1. τ. 2. |
| LEADER | 02095cam a2200409 i 4500 | ||
|---|---|---|---|
| 001 | 19600266 | ||
| 003 | GR-PaULI | ||
| 005 | 20211215100038.0 | ||
| 008 | 170417s2018 mau b 001 0 eng c | ||
| 952 | |0 0 |1 0 |2 ddc |3 τ.2 |4 0 |6 Π_Σ_610_938000000000000_ΓΑΛ |7 0 |9 230882 |a LISP |b LISP |c REF |d 2019-03-20 |i 139991 |l 0 |o Π/Σ 610.938 ΓΑΛ |p 025000261421 |r 2019-03-20 00:00:00 |t 1 |v 2019.00 |w 2019-03-20 |y BKN | ||
| 952 | |0 0 |1 0 |2 ddc |3 τ.1 |4 0 |6 Π_Σ_610_938000000000000_ΓΑΛ |7 0 |9 231120 |a LISP |b LISP |c REF |d 2019-03-29 |i 140025 |l 0 |o Π/Σ 610.938 ΓΑΛ |p 025000261886 |r 2019-03-29 00:00:00 |t 1 |v 2019.00 |w 2019-03-29 |y BKN | ||
| 999 | |c 140234 |d 140234 | ||
| 010 | |a 2017940160 | ||
| 020 | |a 9780674997127 |q (τ.1) | ||
| 020 | |a 0674997123 |q (τ.1) | ||
| 020 | |a 9780674997134 |q (τ.2) | ||
| 020 | |a 0674997131 |q (τ.2) | ||
| 040 | |a IIB |b gre |c GR-PaULI |e AACR2 | ||
| 041 | 1 | |a eng |a grc |h grc | |
| 082 | 0 | 4 | |a 610.938 |2 23 |
| 100 | |a Γαληνός |e συγγραφέας. |9 43839 |d π. 129-π. 201 | ||
| 240 | 1 | 0 | |a Υγιεινά |l Αγγλικά. |s |
| 245 | 1 | 0 | |a Hygiene / |c Galen ; edited and translated by Ian Johnston. |
| 260 | |a Cambridge ; |a London |b Harvard University Press, |c 2018. | ||
| 300 | |a 2 τ. ; |c 17 εκ. | ||
| 490 | 1 | |a Loeb classical library |v 535-536. | |
| 500 | |a τ. 1. - lxxx, 443 σ. -- τ. 2. - 416 σ. | ||
| 504 | |a Περιλαμβάνει βιβλιογραφικές παραπομπές και ευρετήριο. | ||
| 505 | 0 | |a τ.1. Hygiene books 1-4. -- τ. 2. Hygiene books 5-6., Thrasybulus, On exercise with a small ball. | |
| 546 | |a Texts in Greek with English translation on facing pages; introductions and notes in English. | ||
| 650 | 4 | |a Ιατρική, Ελληνική και ρωμαϊκή |9 58040 | |
| 700 | 1 | |a Johnston, Ian |d 1939- |e επιμελητής, |e μεταφραστής. |9 111881 | |
| 830 | 0 | |a Loeb classical library |v 535-536. |9 158945 | |
| 856 | |3 τ. 1. |u https://www.loebclassics.com/view/LCL535/2018/volume.xml | ||
| 856 | |3 τ. 2. |u https://www.loebclassics.com/view/LCL536/2018/volume.xml | ||
| 942 | |2 ddc |c BKN | ||
| 998 | |c ΜΠΟΥΡΑΣ |d 2019-03 | ||